000 01002nam a22003137a 4500
001 BR7807925
003 BR-BrBNA
005 20230928085841.0
007 ta
008 230509b bl.||||| |||| 00| 0 por d
040 _aBR-BrBNA
_bpor
_cBiblioteca Nacional de Agricultura
041 _a(Por)
072 _aE10; E21; E70
_b1540
_b0120
_b1850
_b/G514
090 _ 1540 BR7807925
110 1 _aFundacao Instituto de Desenvolvimento Economico e Social do Rio de Janeiro, RJ (Brasil)
_94947
245 1 _aOportunidades agroindustriais: localizacao e identificacao; produtos selecionados: mandioca, milho, tomate
260 3 _aRio de Janeiro, RJ (Brasil):
_c1978.
300 _a146 p.
500 _a15 illus.; 76 tables; Bibliography (89 ref.)
650 _aECONOMIA AGRICOLA
650 _aINDUSTRIA AGRICOLA
650 _aCOMERCIALIZACAO
650 _aMANDIOCA
650 _aMILHO
650 _aTOMATE
650 _aRIO DE JANEIRO
909 _a202309
_bLucia
_c55
_dLucia Elande
942 _cBK
999 _c26688
_d26688